Statistics for Geography FOUR x FOUR

Click here to take the quiz!

General Stats

  • This quiz has been taken 51 times
  • The average score is 31 of 52

Answer Stats

Hint Answer % Correct
2) Name the 'Four Longest Rivers' in the World?Nile
98%
Wales
98%
Scotland
96%
3) Name the 'Four constituent countries of the United Kingdom?England
96%
Amazon
91%
5) Name the 'Four Mountains' over 8,500m?Everest
89%
7) Name the 'Four Smallest Countries' in Europe?Vatican
89%
Lithuania
87%
San Marino
85%
K2
83%
Russia
83%
Monaco
80%
Estonia
80%
Malaysia
76%
Yangtze
74%
Liechtenstein
72%
Papua New Guinea
70%
Moscow
70%
Tallinn
70%
Superior
70%
6) Name the 'Four Countries' that share a border with Latvia, and give their Capital Cities?Belarus
70%
Vilnius
67%
East Timor
67%
Victoria
65%
4) Name the 'Four Countries' that are situated on islands shared with Indonesia?Brunei
65%
Northern Ireland
63%
New York
61%
Yellow
59%
Minsk
57%
Oklahoma
54%
10) Name the 'Four Least Densely Populated Countries', and Name their Capital Cities?Mongolia
52%
Mumbai
52%
Australia
52%
Hawaii
50%
Oklahoma City
50%
Indiana
50%
Canberra
50%
8) Name the 'Four Largest Lakes in the World?Caspian
48%
Ulan Bator
46%
Indianapolis
46%
Honolulu
46%
9) Name the 'Four Largest Populated Cities in the World' that are NOT capital cities?Guangzhou
43%
1) Which 'Four US States' have the same starting letter as their Capital City...... name the State & the City?Delaware
41%
Sao Paulo
39%
Huron
33%
Dover
33%
Windhoek
26%
Namibia
26%
Iceland
22%
Reykjavik
20%
Kangchenjunga
4%
Lhotse
0%

Score Distribution

Percentile by Number Answered

Percent of People with Each Score

Your Score History

You have not taken this quiz